000 00658nam a2200241 4500
001 14151
003 BD-RjUL
005 20211208235559.0
008 140205s1973 ii af b i000 0 eng d
035 _a(BD-RjUL)14203
040 _aDLC
_cDLC
_dDLC
_dBD-RjUL
_beng
041 _aeng
082 0 0 _a633.54
_223
_bRAH 1973
100 1 _aRanjan, T. C.
_944200
245 1 0 _aHandbook on jute /
_cT C Ranjan
260 _aNew Delhi :
_bOxford & IBH Pub.,
_cc1973
300 _a V. :
_bill. ;
_c22 cm.
504 _aIncludes Bibliography
505 _aVol. 1 -- V. 2-- V. 3--
650 0 _aJute plant.
_944201
942 _2ddc
_cBK
999 _c14151
_d14151